000 01296cam a2200241 4500
001 ABS63770
008 000000n2001 000 0 eng u
035 _a(Sirsi) u111572
100 _aBailey, G.
245 _aWaterside regeneration
260 _c2001
490 _aContext
_v(69) March 2001, 16-18(2)
520 _aIn the recently published DETR document "Waterways for Tomorrow" government recognises and supports the role of waterways in regeneration. Traces the history of waterside developments. Suggests that many local authorities are beginning to recognise the potential of historic waterside settings. For instance, development of Gloucester Docks illustrates how large, impressive warehouses can be successfully converted for commercial and leisure uses. Notes how waterside locations can provide colourful settings for cafes and commercial buildings, or green and tranquil locations for residential developments. Gives examples of towns in Britain where waterside regeneration has been successfully completed.
590 _aABS
650 _aWATERSIDE DEVELOPMENTS
650 _aWATERWAYS
650 _aDEVELOPMENTS
650 _aOPPORTUNITIES
650 _aRESIDENTIAL DEVELOPMENT
650 _aCOMMERCIAL DEVELOPMENTS
690 _aREGENERATION
942 _n0
999 _c66483
_d66483